000 00674nam a2200217 i 4500
999 _c9030
_d9030
001 C2-0071817
003 PPAK
005 20190630222202.0
008 970429s1974 my |||| ||||| | may d
040 _aPPAK
_beng
_cPPAK
_erda
082 0 4 _a899.231
_223
090 0 0 _a899.231
_bSAJ
_dKIH
245 0 0 _aSajak-sajak yang dibacakan oleh A. Ghafar Ibrahim di kediaman Duta Besar Amerika Syarikat , hari Khamis 27hb. Jun 1974
264 1 _a[Pulau Pinang] :
_b[publisher not identified] ,
_c[1974]
300 _a24 pages ;
_c31 cm
336 _2rdacontent
_atext
337 _2rdamedia
_aunmediated
338 _2rdacarrier
_avolume
650 1 0 _aMalay poetry
942 _cB
_2ddc